Cricket World Cup Top 4 Positions (T20) - Statistics

General Stats
  • This quiz has been taken 97 times
  • The average score is 9 of 9
Answer Stats
# in Top 4 # Wins Team % Correct
4 1 Australia
100%
5 2 India
100%
6 1 Pakistan
100%
5 2 England
99%
4 0 New Zealand
99%
3 0 South Africa
97%
4 1 Sri Lanka
96%
4 2 West Indies
93%
1 0 Afghanistan
86%
No matching quizzes found
Score Distribution
Percent of People with Each Score
Percentile by Number Answered
Your Score History
You have not taken this quiz